Scrambled Synonyms Quiz Stats

 Plays Quiz Updated May 26, 2019

Score 0/16 Timer 05:00
1 Play Today
% Correct
BUJOMjumbo
95%
GLEARlarge
86.3%
HMMMOTAmammoth
82.3%
CINTIGGAgigantic
81%
URANGATANGgargantuan
73.7%
IMVASESmassive
71.1%
NACITTItitanic
67.3%
SUNROOMEenormous
66.5%
% Correct
SIMENEMimmense
60.4%
ONOUGHSUMhumongous
56.3%
ZALBISEsizable
50.8%
LAMMENTUONmonumental
46.5%
SCALLOOScolossal
43%
HEEPALINNETelephantine
37.8%
GROUPISOIDprodigious
14.9%
STARCAMOLIONastronomical
13.3%

You're not logged in!

Compare scores with friends on all Sporcle quizzes.
OR
Log In

Sporcle TV

Today on Sporcle TV


Watch our educational content, quiz creation guides, and fun videos on Sporcle TV.

Show Comments

Extras

Top Quizzes Today


Score Distribution

Your Account Isn't Verified!

In order to create a playlist on Sporcle, you need to verify the email address you used during registration. Go to your Sporcle Settings to finish the process.

Report this User

Report this user for behavior that violates our Community Guidelines.

Details: